[Event "Goodricke op 12th"]
[Site "Kolkata"]
[Date "2001.02.06"]
[Round "1"]
[White "Ganguly, Surya Shekhar"]
[Black "Vladimirov, Yevgeniy"]
[Result "1/2-1/2"]
[WhiteElo "2456"]
[BlackElo "2612"]
[Annotator "Postny,E"]
[PlyCount "73"]
[EventDate "2001.02.06"]
[EventType "swiss"]
[EventRounds "11"]
[EventCountry "IND"]
[SourceTitle "CBM 082"]
[Source "ChessBase"]
[SourceDate "2001.05.17"]
[SourceVersion "1"]
[SourceVersionDate "2001.05.17"]
[SourceQuality "1"]

1. e4 e5 2. Nf3 Nc6 3. d4 exd4 4. Nxd4 Nf6 5. Nxc6 bxc6 6. e5 Qe7 7. Qe2 Nd5 8.
c4 Ba6 ({Another theoretical line starts with} 8... Nb6) 9. b3 g5 {[%csl Re5,
Yf4][%cal Gg5f4] This interesting move appeared first time in match
Kasparov-Anand in 1995.} 10. g3 (10. Ba3 d6 11. exd6 Qxe2+ 12. Bxe2 Bg7 13.
cxd5 Bxe2 14. Kxe2 Bxa1 15. Rc1 O-O-O 16. Rxc6 Rhe8+ 17. Kd3 Rd7 18. Nc3 Bxc3
19. Kxc3 Re5 20. Kc4 Re4+ 21. Kd3 Re5 22. Kc4 Re4+ {1/2-1/2 Kasparov,G-Anand,V/
New York 1995/CBM 49 (22)}) 10... Bg7 11. Bb2 O-O 12. Nd2 f6 {In chess
informant 69 Kasparov in comments to his game against Nikolic (see below)
suggests 12...Nb4 as better alternative.} 13. Qh5 (13. exf6 Bxf6 14. Qxe7 Nxe7
15. Bxf6 Rxf6 16. Bh3 $14 {Kasparov.}) 13... Nb4 {[%cal Gb4c2]} 14. h4 $1 {
[%csl Rg8,Gh1] exploiting the weakness of the kingside.} g4 $1 ({Bad for black
is:} 14... Nc2+ $2 15. Kd1 Nxa1 16. hxg5 fxe5 17. Qxh7+ Kf7 18. f4 $5 {[%csl
Gb2,Re5,Rg7]} Ke8 19. Bxa1 $16) 15. Kd1 {[%csl Rb4][%cal Ga2a3]} c5 {vacating
c6 square for the knight.} ({Doesn't work} 15... fxe5 $2 {in view of} 16. a3
Rxf2 17. axb4 Qxb4 18. Be2 $18) 16. Bg2 $6 $146 {This move has to be
considered as a novelty and a dubious one...} (16. a3 Nc6 $2 (16... Bb7 $1 {
See Kasparov's comments in inf.69.}) 17. Bd3 f5 18. Bxf5 Bxe5 19. Re1 d6 20.
Be4 Bb7 21. Qxg4+ Qg7 22. Bd5+ Kh8 23. Bxe5 dxe5 24. Qxg7+ Kxg7 25. Ne4 Rad8
26. Nxc5 Bc8 27. Ra2 {1-0 Kasparov,G-Nikolic,P/Linares 1997/CBM 57 (27)}) 16...
Rae8 (16... Qe8 17. Qxg4 Nd3 {[%csl Gd3][%cal Gd3b2,Gd3f2]} 18. Kc2 Nxf2 19.
Bd5+ Kh8 20. exf6 $1 Rxf6 $1 (20... Bxf6 21. Bxf6+ Rxf6 22. Qg5 Rg6 23. Qf5
Nxh1 24. Rxh1 $14 {[%cal Gd5a8,Gd5f7]}) 21. Qg5 Rg6 22. Bxg7+ Rxg7 23. Rhe1
Rxg5 24. Rxe8+ Rxe8 25. hxg5 {with double-edged endgame.}) 17. Be4 f5 $1 {
[%mdl 512] The only defense.Now black grabs the initiative.} (17... h6 $2 {
was losing immediatly in view of} 18. a3 $1 Nc6 19. Bd5+ Kh8 20. exf6 Rxf6 21.
Bxf6 $18) 18. Bxf5 Rxf5 {Of course, this exchange sacrifice is the logical
continuation of the previous move.} 19. Qxf5 Rf8 {All black pieces are in
action, white king is not safe and white rooks are still in the corners, but
things are very complicated...} 20. Qg5 $2 {Wrong move, which put white on the
edge.} (20. Qxg4 $1 Nd3 (20... Rxf2 21. e6 Rxd2+ 22. Kxd2 Qd6+ 23. Ke2 Qd3+ 24.
Ke1 Qe3+ 25. Kf1 Qd3+ 26. Qe2 $18) 21. Kc2 Nxb2 $6 (21... Nxf2 22. Qg5 Qxg5 23.
hxg5 Nxh1 24. Rxh1 {with approximately equal endgame.}) 22. Rhe1 $1 {Just
development!} (22. f4 d6 23. Kxb2 dxe5 $40 {[%csl Rb2][%cal Ga6c8,Gf8d8,Ge5e4,
Ge5f4]}) 22... Rxf2 23. Rab1 Kh8 (23... Nxc4 24. bxc4 $16) 24. Rxb2 Bxe5 25.
Rbb1 d6 26. Rf1 $16) 20... Qxg5 21. hxg5 Rxf2 $6 (21... Nd3 {leads to black's
advantage.} 22. Bc3 Nxf2+ 23. Kc2 Nxh1 24. Rxh1 Bb7 $1 {[%csl Gb7,Ye4]} (24...
Rf5 $2 25. Rf1 Rxg5 26. Ne4 Rh5 27. Nf6+ Bxf6 28. exf6 Kf7 29. Re1 $16) 25. Rh4
(25. Rf1 Be4+ $1 26. Kc1 Bd3 $17) 25... Re8 26. Rxg4 Bxe5 27. Ne4 Bxc3 28. Nxc3
Kg7 $17) 22. Bc3 Bb7 23. Rf1 $6 (23. Re1 $1 {[%csl Ge3,Yg3][%cal Ge1e3,Ye3g3]
and probably black has nothing more, then a draw after} Rg2 24. Re3 Rg1+ 25.
Ke2 Rg2+ 26. Kd1 $11) 23... Rg2 24. Bxb4 Bxe5 $6 {Not the best choice.} ({
Capturing the bishop, the only active white piece, was the right choice:} 24...
cxb4 25. Re1 Rxg3 26. a3 h5 $1 27. axb4 (27. gxh6 Bxh6 $40) 27... a6 28. b5
axb5 29. Ra7 Bg2 30. cxb5 h4 31. Rxc7 h3 32. b6 h2 33. Rxd7 (33. b7 Bxb7 34.
Rxb7 Rg1 $19) (33. Kc2 Bxe5) 33... Bb7 $3 34. Rxb7 Rg1 35. Rxg7+ Kxg7 36. b7
Rxe1+ 37. Kc2 h1=Q 38. b8=Q Qc6+ 39. Nc4 g3 $19) 25. Bxc5 $1 {[%mdl 512]} Bxa1
26. Rg1 Rxg1+ 27. Bxg1 a6 $6 $15 (27... Be5 28. Bxa7 (28. Bf2 $142 {,but it's
passive.}) 28... Bxg3 {and pair of the strong bishops in sharp endgame (
passed pawns on both sides) gives black good winning chances.}) 28. Be3 Kf7 (
28... Be5 $6 29. Bf4 $1 Bxf4 30. gxf4 g3 31. Ke2 h5 32. Nf3 g2 33. Ng1 Kf7 34.
f5 Be4 35. f6 Bb1 36. a3 Ba2 37. Kf2 Bxb3 38. Nf3 d6 39. Nd2 $14) 29. Ke2 Kg6 (
29... Be5 30. Bf4 Bxf4 31. gxf4 Kg6 32. Nf1 {and white is not worse.}) 30. Bf4
d6 31. Kd3 Kf5 32. Nf1 {[%cal Gf1e3]} Be4+ 33. Kd2 Ke6 34. Ne3 Bf3 35. Kd3 c6
$6 {This move allows white to reach drawish position immediatly.} (35... c5 {
[%csl Gd4][%cal Gc5d4] was better and black still has slight winning chances.})
36. Nc2 Bb2 37. Nd4+ 1/2-1/2

[Event "Sanjin Hotel Cup 2nd"]
[Site "Tiayuan"]
[Date "2005.07.13"]
[Round "5"]
[White "Wang, Hao"]
[Black "Harikrishna, Pentala"]
[Result "0-1"]
[WhiteElo "2512"]
[BlackElo "2645"]
[Annotator "Postny,E"]
[PlyCount "40"]
[EventDate "2005.07.09"]
[EventType "tourn"]
[EventRounds "11"]
[EventCountry "CHN"]
[EventCategory "15"]
[SourceTitle "CBM 108"]
[Source "ChessBase"]
[SourceDate "2005.09.26"]
[SourceVersion "1"]
[SourceVersionDate "2005.09.26"]
[SourceQuality "1"]

1. e4 e5 2. Nf3 Nc6 3. d4 exd4 4. Nxd4 Bc5 5. Be3 Qf6 6. Nb5 $6 {I see this
move appearing on high level from time to time, but it does not worth more
than a "one game surprise weapon".} Bxe3 7. fxe3 Qh4+ {It's useful to force
another concession before retreating to the initial square.} (7... Qe5 8. Nd2
Kd8 9. Nc3 Nf6 10. Qf3 d6 11. h3 Be6 12. O-O-O $13 {Encyklopaedia of chess
openings.}) (7... Qd8 8. Qg4 Nf6 9. Qxg7 Rg8 10. Qh6 Rg6 11. Qf4 d6 12. h3 a6
13. N5c3 Nh5 14. Qf2 Rf6 15. Qd2 Ng3 16. Rg1 Be6 17. Nd5 Nxe4 18. Qd3 Bxd5 19.
Qxd5 Re6 20. Na3 Re5 21. Qd3 Qg5 22. O-O-O Nf2 23. Qxh7 Qxe3+ 24. Kb1 Nxd1 25.
Nc4 Nc3+ {0-1 Buchicchio,G-Deepan,C/Kochin 2004}) 8. g3 Qd8 (8... Qxe4 9. Nxc7+
Kd8 10. Nxa8 Qxh1 11. Qd6 (11. Qg4 Qg1 12. Qxg7 Qxe3+ 13. Be2 Qg1+ 14. Bf1 Qe3+
15. Be2 Qg1+ 16. Bf1 Qe3+ {1/2-1/2 Langer,M-Kamberi,S/22nd NAO, Oklahoma USA
2003 (16)}) 11... Nf6 12. Nd2 Ne4 13. Qc7+ Ke7 14. O-O-O Nxd2 15. Bb5 Qd5 16.
Bxc6 bxc6 17. Rxd2 Qc5 18. Rd4 f6 19. b4 Qc3 20. Re4+ Kf7 21. Qxa7 Re8 22. Rxe8
Qe1+ 23. Kb2 Qxb4+ 24. Kc1 Qe1+ 25. Kb2 Qb4+ 26. Kc1 {1/2-1/2 Mieses,
J-Sergeant,E/Hastings 1945}) 9. Qg4 g6 (9... Kf8 {- see the game Nataf,
I-Onischuk,A/Montreal 2003/CBM 97 [Postny,E]}) (9... g5 {- see the game
Ponomariov,R-Godena,M/Plovdiv 2003/CBM 98 [Postny,E]}) 10. Qf4 d6 11. Bc4 Ne5 (
11... Be6 $6 12. Bxe6 fxe6 13. O-O Nge7 14. N1c3 Ne5 15. Qf6 Kd7 16. Nd4 Qg8
17. Ncb5 N7c6 18. Nxc6 bxc6 19. Rad1 Rf8 20. Qxe5 Rxf1+ 21. Kxf1 Qf7+ 22. Kg2
Rf8 23. Nxd6 Qf3+ 24. Kh3 Qxd1 25. Qg7+ Kxd6 26. Qxf8+ $18 {1-0 Spielmann,
R-Rubinstein,A/Stockholm 1919/HCL (42)}) 12. O-O Bh3 $1 $146 {[%mdl 8] Very
strong novelty. Black simply ignoring the threat on Pf7, but correctly
evaluating that the "f" file will be opened in his favour.} (12... Qe7 13. Nd2
(13. N1c3 g5 14. Qf2 Be6 15. Bxe6 fxe6 16. Nxc7+ Kd7 17. Nxa8 $18 {1-0 Langer,
M-Grubbs,S/Dallas 2000 (31)}) 13... Bh3 14. Rfd1 c6 15. Nd4 O-O-O 16. Bf1 Bxf1
17. Rxf1 Qc7 18. N2f3 Rd7 19. Ng5 Re7 20. Rad1 h6 21. Ngf3 Rh7 22. Nxe5 Rxe5
23. Qg4+ Qd7 24. Nf5 Re6 25. Rxd6 Rxd6 26. Nxd6+ Kc7 27. Qxd7+ Kxd7 28. Rxf7+
Rxf7 29. Nxf7 $18 {1-0 Lange,J-Trapp,M/Willingen 2004 (41)}) (12... Qd7 13. Be2
a6 14. Nd4 Qe7 15. Nc3 c6 16. Rad1 Bh3 17. Rfe1 Nf6 18. Qh4 Bg4 19. Qh6 Nh5 20.
h3 Bxh3 21. Bxh5 gxh5 22. Rd2 O-O-O 23. Qxh5 Bg4 24. Qh6 Rhg8 25. Rf1 Rg6 26.
Qf4 Rdg8 $17 {0-1 Hartikainen,M-Kiik,K/Finland 2005 (44)}) 13. Bxf7+ {If white
does not take it, then all his previous play play was false.} Kd7 14. N1c3 (14.
Rd1 Qe7 15. Bxg8 Rhxg8 $17) 14... g5 $1 15. Qxe5 $5 {An interesting sacrifice,
but insufficient. On the other hand, I don't see a considerable improvement
for white.} (15. Qf2 Nh6 $17) 15... dxe5 16. Rad1+ $6 {[%csl Rf1]} ({It was
more stubborn to give check with the other rook, since it's being attacked by
the black bishop:} 16. Rfd1+ Ke7 17. Rxd8 Rxd8 18. Bxg8 Rhxg8 19. Nd5+ Kf8 20.
Nbxc7 Rd7 $17 {[%cal Gf8g7,Gg8c8]}) 16... Ke7 17. Nd5+ Kf8 18. Nbxc7 (18. Be6+
Bxf1 19. Rxf1+ Kg7 20. Rf7+ Kg6 $19) 18... Kg7 19. g4 {[%cal Gc7e6]} (19. Ne8+
Qxe8 20. Bxe8 Bxf1 21. Nc7 Bh3 22. Nxa8 Nf6 $19) 19... Bxg4 20. Nxa8 Nh6 0-1

[Event "American Continental 2nd"]
[Site "Buenos Aires"]
[Date "2003.08.21"]
[Round "4"]
[White "Nakamura, Hikaru"]
[Black "Goldin, Alexander"]
[Result "0-1"]
[WhiteElo "2568"]
[BlackElo "2608"]
[Annotator "Postny,E"]
[PlyCount "102"]
[EventDate "2003.08.17"]
[EventType "swiss"]
[EventRounds "11"]
[EventCountry "ARG"]
[SourceTitle "CBM 097"]
[Source "ChessBase"]
[SourceDate "2003.11.11"]
[SourceVersion "1"]
[SourceVersionDate "2003.11.11"]
[SourceQuality "1"]

1. e4 e5 2. Nf3 Nc6 3. d4 exd4 4. Nxd4 Bb4+ 5. c3 Bc5 6. Be3 Bb6 7. Qg4 {
The most aggressive continuation in the position.} (7. Nxc6 {- see the
annotated game Ni Hua-Tkachiev,V/Shanghai 2001/CBM 85 [Postny]}) 7... Qf6 8.
Qg3 Qg6 $1 (8... Nxd4 $2 {- see the annotated game Kasparov,G-Unzicker,W/
Zuerich 2001/CBM 83 [Postny]}) 9. Nf5 $146 (9. Nd2 Nge7 10. Nxc6 bxc6 11. Bf4
Qxg3 12. Bxg3 d5 $11 {0-1 Mashinskaya,I-Zaiatz,E/ch-RUS w, Elista RUS 2003 (29)
}) 9... d6 $1 {Good pawn sacrifice.} 10. Bxb6 (10. Nxg7+ Kf8 11. Nf5 Bxf5 12.
exf5 Qxg3 13. hxg3 Bxe3 14. fxe3 Nf6 $44) 10... axb6 11. Ne3 (11. Nxg7+ Kf8 12.
Nf5 Bxf5 13. exf5 Qxf5 $132) 11... Nf6 {Black has got comfortable equality.}
12. f3 $2 {Serious mistake, which was excellently exploited by GM Goldin.} (12.
Qxg6 hxg6 13. Nd2 $11) 12... Qh6 $1 13. Qf2 $6 {White does not feel the danger.
} (13. Nd1 {was the least of the evils.}) {[%tqu "En","How should black
continue?","","","d6d5","Black correctly opening up the position using his
superiority in development.",12]} 13... d5 $1 {Black correctly opening up the
position using his superiority in development.} 14. Na3 $1 (14. exd5 Nxd5 $1 {
The point!} 15. Nxd5 Qc1+ 16. Ke2 O-O 17. Nxc7 Qxb2+ 18. Nd2 Qxa1 19. Nxa8 Re8+
20. Ne4 Qxa2+ $19) 14... dxe4 15. Nb5 O-O 16. Nxc7 Ra5 (16... exf3 $5 17. Nxa8
Re8 {looks promising for black as well.}) 17. b4 $6 {Unnecessary creating
another weakness in white's camp.} (17. f4 $142) 17... Rh5 18. f4 Ng4 (18...
Rxh2 19. Rxh2 Qxh2 $17) 19. Qg3 (19. Nxg4 Bxg4 20. Qg3 Rh4 $17) 19... Nxh2 20.
O-O-O (20. Be2 $2 Nf3+ $19 {[%csl Rh1]}) 20... Nxf1 21. Rhxf1 Nxb4 $1 22. cxb4
Qc6+ 23. Kb2 Qxc7 $19 {Black has material advantage and white's king is weak
as well.} 24. Rd4 Be6 25. Rc1 Qe7 26. Rxe4 Qf6+ 27. Re5 Rxe5 $6 {Allows white
to consolidate his position somewhat.} ({After} 27... Rd8 {black's win should
be a matter of time.}) 28. fxe5 Qh6 $6 {The queen has nothing to do on h6.} (
28... Qe7 $142) 29. Rd1 Qh5 30. Rd2 h6 31. Qf4 Rc8 32. Qg3 Ra8 33. a3 Rc8 34.
Qf4 {After a series of inaccuracies from black's side, the winning process
became far more difficult.} b5 35. Qg3 g5 {With the idea to liberate the queen
via g6.} 36. Nc2 Qh1 37. Qf3 Qh2 (37... Qh4 $142) 38. Re2 Rd8 39. Qxb7 Rd3 40.
Qe4 (40. Qxb5 $2 Rb3+ 41. Kc1 Qg1+ 42. Kd2 Rb1 $40) 40... Rb3+ 41. Kc1 Rc3 42.
Kb2 Rb3+ {Both players were probably in time-trouble.} 43. Kc1 Qg3 44. Qd4 Rd3
(44... Bf5 $142) 45. Qe4 Bg4 $6 (45... Kg7 $142) 46. Re1 (46. Re3 Rxe3 (46...
Rd1+ 47. Kb2 {[%csl Rg3,Rg4]}) 47. Nxe3 Qe1+ 48. Kb2 $13) 46... Rc3 47. Rf1 $4
{The decisive mistake.} ({Necessary was} 47. Re3 {as in the previous
commentary.}) 47... Be6 (47... Rc4 48. Qa8+ Kg7 $19) 48. Rd1 Bb3 {Now it's all
over.} 49. e6 Rxc2+ 50. Kb1 Rc8 51. e7 Bxd1 0-1

[Event "FIDE World Cup final"]
[Site "Hyderabad"]
[Date "2002.10.16"]
[Round "1.2"]
[White "Rublevsky, Sergei"]
[Black "Beliavsky, Alexander G"]
[Result "1/2-1/2"]
[WhiteElo "2664"]
[BlackElo "2650"]
[Annotator "Postny,E"]
[PlyCount "130"]
[EventDate "2002.10.15"]
[EventType "k.o."]
[EventRounds "3"]
[EventCountry "IND"]
[SourceTitle "CBM 092"]
[Source "ChessBase"]
[SourceDate "2003.02.06"]
[SourceVersion "1"]
[SourceVersionDate "2003.02.06"]
[SourceQuality "1"]

1. e4 e5 2. Nf3 Nc6 3. d4 exd4 4. Nxd4 Bc5 5. Nxc6 Qf6 6. Qd2 bxc6 {In
previous "Scotch encounter" between the same opponents Beliavsky choose 6...
dxc6.} 7. Nc3 Ne7 8. Na4 {Also appeared in practice 8.Bd3 and 8.Qf4, but the
move in the text is the most ambitious.} Bb6 (8... Bd6 $5 {- see the commented
game Ivanchuk,V-Short,N/Dubai rapid 2002/CBM 89 [Postny]}) 9. Bd3 O-O 10. O-O
d6 11. Kh1 {A natural move, but this is not the only option in this position.}
(11. c3 {This move is not really sound, see the game Morozevich,A-Short,N/Wijk
aan Zee 2000/CBM 75 [Mikhalevski,V]}) (11. Rb1 $5 {[%cal Yb2b3,Yc1b2] This
interesting move was already played by Rublevsky.} Ng6 (11... Qg6 {was checked
in the game Morozevich,A-Piket,J/KasparovChessGP 2000/CBM 76 [Mikhalevski,V]})
12. Kh1 Ne5 13. Be2 Qh4 14. Qf4 Qxf4 15. Bxf4 Re8 16. f3 f5 17. Bxe5 Rxe5 18.
Bc4+ Kh8 19. Nxb6 axb6 20. Rbe1 f4 {1/2-1/2 Rublevsky,S-Lautier,J/Corsica
rapid 2001}) 11... Qg6 $146 {Black is preparing to meet the advance f2-f4 by
f7-f5.} (11... Qd4 12. Nxb6 axb6 13. Qg5 (13. Qe3 $142) 13... Ng6 14. f4 $6 Ba6
$15 {0-1 Lejlic,S-Klovans,J/Gothenburg 1994/EXT 2001 (24)}) 12. Qe2 Re8 ({
A logical alternative would be} 12... Bd7 {[%cal Ya8e8]} 13. e5 $6 Bf5 14. exd6
Bxd3 15. cxd3 Qxd6 $11) 13. Bd2 f5 14. e5 Qg4 $5 {Since Beliavsky needed only
a draw to qualify to the next round, his decision to simplify the position
could be easily understand, but objectively speaking there should be better
options for black.} (14... Nd5 15. Nxb6 axb6 16. f4 $14) (14... dxe5 15. Qxe5
Nd5 16. Qg3 $14) ({More flexible is} 14... Bd7) 15. exd6 $6 {It seems, that
white should not release the pressure in the centre so early.} (15. Qxg4 fxg4
16. Nxb6 axb6 17. Rfe1 $14) 15... cxd6 16. Nxb6 Qxe2 17. Bxe2 axb6 {The pair
of good bishops gives white slight, but stable advantage.} 18. c4 Be6 19. Rfd1
d5 {Black is getting rid of his only weakness.} 20. cxd5 Bxd5 {[%csl Gd5]} 21.
a3 Ng6 22. Bf1 Ne5 (22... f4 $6 23. f3 {[%csl Rf4]}) 23. Rac1 h6 {White still
has a minimal advantage, but black's position is very solid and out of real
weknesses. In the next few moves both sides continuing to improve the
positions of their pieces.} 24. h4 Kf7 25. Kg1 Rad8 26. Be3 b5 27. Rc5 Nc4 28.
Bc1 Ke6 $2 {This careless move simply loses a pawn.} ({Black has a very solid
defence after both:} 28... Nb6) ({and} 28... Nd6) 29. a4 $1 {Suddenly black's
solid construction on the queenside falls apart.} Nd6 {This move is the only
reasonable.} 30. axb5 Nxb5 31. Bxb5 cxb5 32. Rxb5 Bc6 33. Re1+ $1 {This is
more precise, than the immediate exchange.} Kf6 34. Rxe8 Rxe8 ({Black can not
take advantage on white's hanging pieces:} 34... Rd1+ 35. Kh2 Bxb5 36. Rf8+ Ke6
37. Be3 {with serious chances for a win.}) 35. Rc5 Bd7 36. Bd2 {Despite the
presense of the opposite colour bishops, the endgame is very tough for black.}
g5 {The exchange of pawns is useful for the defending side.} 37. Rc7 Be6 $6 ({
Stronger would be} 37... Re7 {since this move not allowing white to fix
black's pawns with h4-h5.} 38. h5 $2 Be8 {[%csl Rh5]}) 38. h5 $1 {[%csl Rh6]}
Re7 (38... Bf7 $2 39. Bc3+ Ke6 40. Rc6+ $18) 39. Bc3+ Kf7 40. Rc6 f4 41. f3 Rd7
42. b4 Rd5 43. Kf2 {Suddenly black finds himself in zugzwang. The black rook
has to control the advance of white's passed pawn and defend the d7 square
against the check on the 7th rank as well.} Ke7 44. Bg7 g4 45. fxg4 $2 {
A mistake, which throws away the win.} (45. Bxh6 Rd2+ (45... g3+ 46. Ke2 Rxh5
47. Bxf4 Rh2 48. Bxg3 Rxg2+ 49. Bf2 {with technically winning position.}) 46.
Kf1 Rd4 47. Rc7+ Kd8 48. Rg7 gxf3 49. Bg5+ Kc8 50. gxf3 $18 {[%csl Gh5][%cal
Rh5h8]}) 45... Rd2+ $1 {A very important resource, which was probably
underestimated by Rublevsky.} 46. Kf1 Rd1+ 47. Kf2 Rd2+ 48. Ke1 {White is
forced to give up his Pg2, if he wants to continue to play for a win.} (48. Kg1
Bd5 49. Rxh6 Rxg2+ 50. Kf1 f3 $132) 48... Rxg2 49. Bxh6 Bxg4 50. Bxf4 Bxh5 {
Black managed to exchange all his kingside pawns, and the position became
drawish.} 51. b5 Re2+ 52. Kf1 Rb2 53. b6 Bf3 54. Rc7+ Ke6 55. Be3 {White's
last hope is - to get the endgame R+B vs R, but black easily prevents any
further advance of white's pawn.} Bd5 56. Ke1 Be4 57. Bd4 Rb4 58. Bc5 Rb2 59.
Kd1 Rb3 60. Kd2 Rd3+ 61. Ke2 Rb3 62. Re7+ Kd5 63. Be3 Rb2+ 64. Ke1 Bf3 65. Kf1
Kd6 {This tough draw braught Beliavsky a place in the semifinal.} 1/2-1/2

[Event "Sigeman & Co 09th"]
[Site "Malmo"]
[Date "2001.06.20"]
[Round "9"]
[White "Hector, Jonny"]
[Black "Timman, Jan H"]
[Result "0-1"]
[WhiteElo "2546"]
[BlackElo "2620"]
[Annotator "Postny,E"]
[PlyCount "80"]
[EventDate "2001.06.12"]
[EventType "tourn"]
[EventRounds "9"]
[EventCountry "SWE"]
[EventCategory "13"]
[SourceTitle "CBM 084"]
[Source "ChessBase"]
[SourceDate "2001.09.13"]
[SourceVersion "1"]
[SourceVersionDate "2001.09.13"]
[SourceQuality "1"]

1. e4 e5 2. Nf3 Nc6 3. d4 exd4 4. Nxd4 Nf6 5. Nxc6 bxc6 6. e5 Qe7 7. Qe2 Nd5 8.
c4 Ba6 9. b3 g5 $1 {After the game Kasparov-Anand in match 1995 this move
gained popularity.} 10. g3 Bg7 11. Bb2 O-O-O 12. Nd2 Rhe8 ({Probably more
promising for black is:} 12... Nb4 13. Nf3 Rhe8 14. Bh3 c5 $1 15. Bg4 f6 16.
Bh5 fxe5 $5 17. Bxe8 Rxe8 18. O-O Bb7 19. Rfe1 e4 20. Rad1 g4 21. Nh4 e3 22.
Bxg7 Qe4 23. fxe3 Qh1+ 24. Kf2 Qxh2+ 25. Kf1 Qxg3 26. Ng2 Re7 27. Qf2 $11 {
1/2-1/2 Motylev,A-Jakovenko,D /Elista/2001/CBM 83 (41)}) 13. O-O-O Nb6 14. f4
$146 (14. Re1 Kb8 15. h4 d5 16. Qe3 g4 17. Qg5 $2 (17. c5) 17... f6 18. Qxg4
fxe5 19. cxd5 Bc8 20. Qe2 cxd5 $17 {[%csl Gd5,Ge5] 0-1 Yashnev,D-Pokazanjev,N/
Rybinsk 2000/EXT 2001 (28)}) 14... gxf4 15. gxf4 f6 {breaking white's
pawncenter.} 16. exf6 (16. Re1 {could be a deserving alternative. The idea is
to limit black pieces by keeping the Pe5 on it's place.} {For instanse:} fxe5
17. fxe5 d6 (17... d5 18. Qe3 dxc4 19. Nxc4 Nxc4 20. bxc4 $14) 18. Bg2 Bxe5 19.
Bxe5 dxe5 20. Bxc6 $14) 16... Bxf6 17. Qxe7 Bxb2+ 18. Kxb2 Rxe7 19. a4 $1 {
[%csl Rb6][%cal Ga4a5] Without this good positional resourse white could get a
worse position.For example:} (19. c5 $6 Bxf1 20. cxb6 Bh3 $1 21. bxa7 Kb7 $15)
(19. Rg1 $6 Rf8 $15) (19. Bd3 $6 Rf8 20. Rhf1 Nd5 $1) 19... Kb8 {setting free
c8 square for the knight.} 20. a5 Nc8 {consequently limiting the black knight.}
21. c5 Kb7 ({After natural} 21... Bxf1 $6 22. Rhxf1 Re2 {white comes with
strong} 23. Ka3 $1 {The safest place for the white's king!} Rxh2 24. Nf3 $36 {
[%csl Rc6,Rd7][%cal Yf3e5]}) 22. Bxa6+ $2 {This illogical move is a serious
mistake, which allows black to activate his king and get the e2 square for the
rook's invasion.} (22. Nc4 Rf8 23. Rd4 d5 24. cxd6 cxd6 25. Nxd6+ Nxd6 26. Rxd6
Rxf4 27. Bxa6+ Kxa6 $11) 22... Kxa6 {Now almost all white pawns became
vulnerable.White's game is very hard to save.} 23. Rhf1 (23. Rde1 Rf8 {[%csl
Ra5,Rf4]}) (23. Nc4 Kb5 {[%csl Ra5,Gb5,Rc5,Rf4]}) 23... Re2 24. Rfe1 Rde8 $1 ({
Much worse is} 24... Rxh2 $6 {as after} 25. Rh1 Rf2 26. Rxh7 {[%csl Yc8,Rd7,
Gh7] white has good chances to survive.}) 25. Rxe2 Rxe2 26. f5 (26. Kc3 Ne7 $19
) 26... Rf2 27. f6 Rxf6 {-+} 28. Ne4 Re6 29. Nc3 d5 30. b4 Ne7 {Black has
strong extra pawn and more active pieces. The rest is a matter of technic.} 31.
Kb3 Re3 32. Rd4 Rh3 33. Rf4 {Desperately trying to activate the rook, but now
black wins by force...} d4 $1 34. Rxd4 Nd5 35. b5+ (35. Rc4 h5 36. Kb2 Rxh2+
$19) 35... Kb7 36. a6+ (36. bxc6+ Kxc6 37. Rxd5 Rxc3+ 38. Kxc3 Kxd5 $19) 36...
Kc8 37. Kb2 Rxh2+ 38. Kc1 Nxc3 39. b6 cxb6 40. cxb6 axb6 0-1